000 00325nam a2200121Ia 4500
008 220217s9999 xx 000 0 und d
245 0 _aSpecification for moulded solid rubber soles and heels.
260 _c1970
500 _aStandard number: IS 5676
650 _aRubber heels
650 _aSolid Rubber soles
942 _cST
999 _c73865
_d73865